[Event "Titled Tuesday intern op 4th June"]
[Site "Chess.com INT"]
[Date "2019.06.04"]
[Round "2"]
[White "Hernandez, Alberto"]
[Black "Potapova, Margarita"]
[Result "0-1"]
[WhiteElo "2301"]
[BlackElo "2256"]
[PlyCount "66"]
[EventDate "2019.06.04"]
[EventType "swiss (blitz)"]
[EventRounds "10"]
[EventCountry "USA"]
[SourceTitle "EXT 2021"]
[Source "ChessBase"]
[SourceDate "2020.10.23"]
[SourceVersion "1"]
[SourceVersionDate "2020.10.23"]
[SourceQuality "1"]

1. d4 Nf6 2. c4 c5 3. d5 b5 4. cxb5 a6 5. b6 d6 6. Nc3 Nbd7 7. e4 Nxb6 8. Be2 g6 9. Nf3 Bg7 10. 0-0 0-0 11. Nd2 e6 12. Bf3 exd5 13. exd5 Bf5 14. a4 a5 15. Re1 Qd7 16. Nde4 Nxe4 17. Nxe4 Nc4 18. Ra2 Ne5 19. Bf4 Rab8 20. b3 Rb4 21. Bxe5 Bxe5 22. Nxc5 Qa7 23. Ne4 Rfb8 24. Nd2 Bxh2+ 25. Kxh2 Qxf2 26. Nc4 Qxa2 27. Nxd6 Qf2 28. Be4 Qh4+ 29. Kg1 Bxe4 30. Rf1 Qg3 31. Nxe4 Rxe4 32. d6 Qe3+ 33. Rf2 Rf4 0-1

[Event "Titled Tuesday intern op 7th May"]
[Site "Chess.com INT"]
[Date "2019.05.07"]
[Round "3"]
[White "Hernandez, Alberto"]
[Black "Della Morte, German"]
[Result "1-0"]
[WhiteElo "2301"]
[BlackElo "2366"]
[PlyCount "105"]
[EventDate "2019.05.07"]
[EventType "swiss (blitz)"]
[EventRounds "10"]
[EventCountry "USA"]
[SourceTitle "EXT 2021"]
[Source "ChessBase"]
[SourceDate "2020.10.23"]
[SourceVersion "1"]
[SourceVersionDate "2020.10.23"]
[SourceQuality "1"]

1. d4 Nf6 2. Nf3 g6 3. c4 Bg7 4. Nc3 0-0 5. e4 d6 6. Be2 e5 7. Be3 Ng4 8. Bg5 f6 9. Bc1 f5 10. Bg5 Qe8 11. dxe5 Nxe5 12. 0-0 Nbc6 13. Nd5 Qf7 14. exf5 Bxf5 15. Nxe5 Bxe5 16. Qd2 Rae8 17. Rad1 Nd4 18. Bd3 Bxd3 19. Qxd3 c6 20. Ne3 Bg7 21. Ng4 Nf5 22. b3 Re6 23. Ne3 Nd4 24. Bh4 Rfe8 25. Bg3 g5 26. h3 h5 27. h4 gxh4 28. Bxh4 Rg6 29. f4 c5 30. f5 Rg4 31. Nxg4 hxg4 32. f6 Bh6 33. Rde1 Rxe1 34. Rxe1 Qh5 35. Re7 Bf8 36. g3 Bxe7 37. fxe7 Nf3+ 38. Kf2 Nxh4 39. gxh4 Qf7+ 40. Kg3 Qxe7 41. Qg6+ Kf8 42. Kxg4 Qe2+ 43. Kg5 Qe3+ 44. Kh5 Qe5+ 45. Kh6 Qh8+ 46. Kg5 Qe5+ 47. Qf5+ Qxf5+ 48. Kxf5 Ke7 49. h5 Kf7 50. h6 a6 51. h7 Kg7 52. Ke6 Kxh7 53. Kxd6 1-0

[Event "Titled Tuesday intern op 7th May"]
[Site "Chess.com INT"]
[Date "2019.05.07"]
[Round "7"]
[White "Hernandez, Alberto"]
[Black "El Debs, Felipe de Cresce"]
[Result "0-1"]
[WhiteElo "2301"]
[BlackElo "2529"]
[PlyCount "82"]
[EventDate "2019.05.07"]
[EventType "swiss (blitz)"]
[EventRounds "10"]
[EventCountry "USA"]
[SourceTitle "EXT 2021"]
[Source "ChessBase"]
[SourceDate "2020.10.23"]
[SourceVersion "1"]
[SourceVersionDate "2020.10.23"]
[SourceQuality "1"]

1. d4 Nf6 2. Nf3 b6 3. c4 e6 4. g3 Bb7 5. Bg2 Be7 6. 0-0 0-0 7. Re1 Ne4 8. Nfd2 d5 9. Nxe4 dxe4 10. Nc3 f5 11. f3 Bf6 12. Be3 Nc6 13. d5 Na5 14. Qa4 Bxc3 15. bxc3 exd5 16. cxd5 Qxd5 17. Red1 Qf7 18. fxe4 Bc6 19. Qc2 Rae8 20. Rf1 Qe6 21. Bd4 Bxe4 22. Bxe4 Qxe4 23. Qxe4 Rxe4 24. Rae1 c5 25. Bf2 Rd8 26. Rd1 Rxd1 27. Rxd1 Rxe2 28. Rd8+ Kf7 29. Rd7+ Re7 30. Rd5 Ke6 31. Rd8 Rd7 32. Re8+ Kd5 33. Rh8 g6 34. h4 Kc4 35. Be1 Nc6 36. Rc8 Ne5 37. Kg2 Nd3 38. Bd2 Ne5 39. Be1 Rd1 40. Bf2 Nd3 41. Rc7 Rd2 0-1

[Event "Titled Tuesday intern op 7th May"]
[Site "Chess.com INT"]
[Date "2019.05.07"]
[Round "9"]
[White "Kim, Sergey2222"]
[Black "Hernandez, Alberto"]
[Result "0-1"]
[WhiteElo "2295"]
[BlackElo "2301"]
[PlyCount "148"]
[EventDate "2019.05.07"]
[EventType "swiss (blitz)"]
[EventRounds "10"]
[EventCountry "USA"]
[SourceTitle "EXT 2021"]
[Source "ChessBase"]
[SourceDate "2020.10.23"]
[SourceVersion "1"]
[SourceVersionDate "2020.10.23"]
[SourceQuality "1"]

1. d4 Nf6 2. c4 c5 3. d5 e6 4. Nc3 exd5 5. cxd5 d6 6. e4 g6 7. Nge2 Bg7 8. Ng3 0-0 9. Be2 b6 10. 0-0 Ba6 11. Bf4 Ne8 12. Qd2 Bxe2 13. Ncxe2 Qf6 14. Rab1 Qe7 15. Bh6 Nd7 16. Bxg7 Nxg7 17. f4 f5 18. Nc3 fxe4 19. Ncxe4 Nf6 20. Rbe1 Nxe4 21. Nxe4 Nf5 22. Ng5 Qf6 23. Ne6 Rf7 24. Re4 Re8 25. Rfe1 Rfe7 26. g4 Nd4 27. Qg2 Nxe6 28. dxe6 Rxe6 29. Rxe6 Rxe6 30. Qa8+ Kg7 31. Qxa7+ Qf7 32. Qxf7+ Kxf7 33. Rd1 Ke7 34. Kf2 Re4 35. Kf3 Rc4 36. Rd2 Ke6 37. Re2+ Kd7 38. f5 gxf5 39. gxf5 Rh4 40. Kg3 Rh6 41. Kg4 d5 42. Kg5 Rh3 43. f6 Rf3 44. Re7+ Kd6 45. Rxh7 d4 46. Rh8 d3 47. Kg6 Kc7 48. Rh7+ Kc6 49. Rh8 Kc7 50. Rh7+ Kc6 51. Rh8 Rf4 52. Rd8 Rd4 53. Rxd4 cxd4 54. f7 d2 55. f8Q d1Q 56. Qf6+ Kd5 57. h4 Qg4+ 58. Kf7 d3 59. Qd8+ Ke4 60. Qe7+ Kd4 61. Qd6+ Ke4 62. Qe7+ Kf3 63. Qd8 Qf4+ 64. Kg7 d2 65. h5 Qe5+ 66. Kg6 Qe4+ 67. Kg7 Qe2 68. Qd5+ Kf2 69. Qf5+ Ke1 70. h6 d1Q 71. h7 Qg4+ 72. Qxg4 Qxg4+ 73. Kf6 Qd4+ 74. Kf7 Qxb2 0-1

[Event "Titled Tuesday intern op 2nd Febr"]
[Site "Chess.com INT"]
[Date "2019.02.05"]
[Round "4"]
[White "Turgut, Tansel"]
[Black "Hernandez, Alberto"]
[Result "0-1"]
[WhiteElo "2294"]
[BlackElo "2301"]
[PlyCount "54"]
[EventDate "2019.02.05"]
[EventType "swiss (blitz)"]
[EventRounds "10"]
[EventCountry "USA"]
[SourceTitle "EXT 2021"]
[Source "ChessBase"]
[SourceDate "2020.10.23"]
[SourceVersion "1"]
[SourceVersionDate "2020.10.23"]
[SourceQuality "1"]

1. d4 c5 2. c3 Nf6 3. Nf3 g6 4. Bf4 Bg7 5. e3 0-0 6. Nbd2 b6 7. h3 Bb7 8. Bd3 d6 9. Qe2 Nbd7 10. 0-0 Re8 11. e4 e5 12. dxe5 dxe5 13. Bg5 h6 14. Bxf6 Nxf6 15. Ba6 Bc6 16. Bb5 Bxb5 17. Qxb5 Nh5 18. g3 Qc8 19. Kg2 Qe6 20. a4 g5 21. Qc4 g4 22. Ng1 gxh3+ 23. Nxh3 Qg4 24. f3 Qxg3+ 25. Kh1 Qxh3+ 26. Kg1 Qg3+ 27. Kh1 Nf4 0-1

[Event "Titled Tuesday intern op 12th Dec"]
[Site "Chess.com INT"]
[Date "2017.12.12"]
[Round "9"]
[White "Janaszak, Dawid"]
[Black "Hernandez, Alberto"]
[Result "1-0"]
[WhiteElo "2372"]
[BlackElo "2301"]
[PlyCount "41"]
[EventDate "2017.12.12"]
[EventType "swiss (blitz)"]
[EventRounds "10"]
[EventCountry "USA"]
[SourceTitle "EXT 2021"]
[Source "ChessBase"]
[SourceDate "2020.10.23"]
[SourceVersion "1"]
[SourceVersionDate "2020.10.23"]
[SourceQuality "1"]

1. Nc3 c5 2. Nf3 Nf6 3. d4 cxd4 4. Nxd4 d6 5. e4 a6 6. Rg1 e5 7. Nf5 Nxe4 8. Nxg7+ Bxg7 9. Nxe4 d5 10. Ng3 0-0 11. Nh5 f5 12. Qf3 Qh4 13. Qxd5+ Kh8 14. Nxg7 Kxg7 15. Qxe5+ Kf7 16. g3 Qxh2 17. Bc4+ Kg6 18. Rf1 Bd7 19. Be3 f4 20. gxf4 Bg4 21. f5+ 1-0

[Event "La Patrona op"]
[Site "La Patrona"]
[Date "2001.??.??"]
[Round "1"]
[White "Martin Perez, Francisco Javier"]
[Black "Hernandez, Alberto"]
[Result "1-0"]
[WhiteElo "2172"]
[BlackElo "2310"]
[PlyCount "47"]
[EventDate "2001.??.??"]
[EventType "swiss"]
[EventRounds "7"]
[EventCountry "ESP"]
[SourceTitle "EXT 2002"]
[Source "ChessBase"]
[SourceDate "2001.11.25"]
[SourceVersion "1"]
[SourceVersionDate "2001.11.25"]
[SourceQuality "1"]

1. d4 d5 2. c4 e6 3. Nc3 Nf6 4. Bg5 Be7 5. Nf3 c5 6. e3 b6 7. cxd5 exd5 8. Bd3 Nc6 9. 0-0 Bg4 10. Bb5 Rc8 11. Qa4 Bd7 12. Bxf6 Bxf6 13. Nxd5 0-0 14. Nxf6+ Qxf6 15. d5 a6 16. Bxc6 Bxc6 17. dxc6 Qxc6 18. Qxc6 Rxc6 19. Rfd1 h6 20. Rd7 Re6 21. h3 b5 22. Rd5 Kh7 23. Rc1 c4 24. Nd4 1-0

[Event "Havana-ch sf region"]
[Site "Havana"]
[Date "1998.??.??"]
[Round "?"]
[White "Hernandez, Alberto"]
[Black "Bezanilla Sanchez, Alexis"]
[Result "0-1"]
[WhiteElo "2310"]
[BlackElo "2280"]
[PlyCount "80"]
[EventDate "1998.??.??"]
[EventType "swiss"]
[EventRounds "9"]
[EventCountry "CUB"]
[SourceTitle "EXT 2003"]
[Source "ChessBase"]
[SourceDate "2002.11.25"]
[SourceVersion "1"]
[SourceVersionDate "2002.11.25"]
[SourceQuality "1"]

1. e4 g6 2. d4 Bg7 3. Nf3 d6 4. Bc4 Nf6 5. Qe2 0-0 6. 0-0 c6 7. Bb3 Qc7 8. Bd2 e5 9. dxe5 dxe5 10. Bc3 Nh5 11. g3 Nd7 12. Bb4 c5 13. Bd2 Nb6 14. Ba5 Bg4 15. Nbd2 Kh8 16. Rfe1 Qc6 17. Bxb6 Qxb6 18. h3 Bc8 19. Nc4 Qc7 20. Ne3 Bxh3 21. Ng5 Bc8 22. Qc4 h6 23. Nxf7+ Kh7 24. a4 Qe7 25. Rad1 Bh3 26. Ng2 Rac8 27. Nd6 Rc6 28. Nb5 Qf6 29. Qe2 Qg5 30. Qd2 Nf4 31. Nxf4 exf4 32. Bd5 fxg3 33. f4 Rxf4 34. Bxc6 bxc6 35. c3 cxb5 36. Re3 h5 37. Rf3 Be5 38. Re1 Bg4 39. Rxf4 Bxf4 40. Qd3 Qh4 0-1

[Event "Capablanca Memorial-D"]
[Site "Matanzas"]
[Date "1994.??.??"]
[Round "4"]
[White "Hernandez, Alberto"]
[Black "Hernandez Alvarez, Tania Regla"]
[Result "0-1"]
[WhiteElo "2285"]
[BlackElo "2175"]
[PlyCount "118"]
[EventDate "1994.??.??"]
[EventType "tourn"]
[EventRounds "13"]
[EventCountry "CUB"]
[SourceTitle "EXT 2003"]
[Source "ChessBase"]
[SourceDate "2002.11.25"]
[SourceVersion "1"]
[SourceVersionDate "2002.11.25"]
[SourceQuality "1"]

1. f4 c5 2. b3 Nf6 3. Bb2 g6 4. Nf3 Bg7 5. e3 Nc6 6. Be2 d6 7. 0-0 0-0 8. Qe1 Nb4 9. Bd1 a5 10. a4 Bd7 11. Na3 Rc8 12. d3 Nc6 13. Nc4 d5 14. Nce5 Nxe5 15. Nxe5 Be8 16. Nf3 c4 17. Bd4 cxb3 18. cxb3 Nd7 19. Bxg7 Kxg7 20. d4 Nf6 21. Ne5 Ne4 22. Bf3 Qb6 23. Bxe4 dxe4 24. Rb1 Qa6 25. f5 f6 26. Ng4 g5 27. Nf2 Bc6 28. Qd1 Bd5 29. Qg4 Rc2 30. Rfc1 Qc6 31. h4 h6 32. Nh3 Bf7 33. Nf4 Kh7 34. hxg5 fxg5 35. Ne2 Bd5 36. Rf1 b6 37. Rf2 Rf6 38. g3 e6 39. Rbf1 exf5 40. Rxf5 Be6 41. Rxf6 Bxg4 42. Rxc6 Rxc6 43. Rc1 Rxc1+ 44. Nxc1 Be6 45. Ne2 Bxb3 46. Nc3 Kg6 47. g4 Be6 48. Nxe4 Bxg4 49. Nc3 Bd7 50. e4 h5 51. Kf2 h4 52. Kf3 g4+ 53. Kf4 h3 54. Kg3 Kg5 55. e5 Kf5 56. Kh2 Kf4 57. Nd5+ Kf3 58. Nf6 g3+ 59. Kh1 Bf5 0-1

[Event "Capablanca Memorial-D"]
[Site "Matanzas"]
[Date "1994.??.??"]
[Round "7"]
[White "Hernandez Estevez, Yudania"]
[Black "Hernandez, Alberto"]
[Result "0-1"]
[WhiteElo "2180"]
[BlackElo "2285"]
[PlyCount "100"]
[EventDate "1994.??.??"]
[EventType "tourn"]
[EventRounds "13"]
[EventCountry "CUB"]
[SourceTitle "EXT 2003"]
[Source "ChessBase"]
[SourceDate "2002.11.25"]
[SourceVersion "1"]
[SourceVersionDate "2002.11.25"]
[SourceQuality "1"]

1. e4 c5 2. g3 h5 3. Bg2 d6 4. d3 Nc6 5. h3 g6 6. f4 b6 7. Nf3 Bg7 8. 0-0 Bb7 9. c3 e5 10. f5 gxf5 11. Nh4 fxe4 12. dxe4 Qd7 13. Qf3 Bf6 14. Nf5 0-0-0 15. Rd1 Qe6 16. Na3 Nge7 17. Ne3 Bg5 18. Nd5 Bxc1 19. Raxc1 Qg6 20. Rf1 Rh7 21. Nf6 Rh6 22. Nc2 h4 23. g4 Qg5 24. Nd5 Ba6 25. Nxe7+ Nxe7 26. Rfe1 Rf6 27. Qd1 Ng6 28. Ne3 Nf4 29. Nd5 Nxd5 30. Qxd5 Kb8 31. c4 Qf4 32. Rf1 Qe3+ 33. Kh2 Bb7 34. Rc3 Qxc3 35. bxc3 Bxd5 36. cxd5 Rxf1 37. Bxf1 Kb7 38. Bd3 a6 39. a4 c4 40. Bc2 b5 41. a5 Kc7 42. Kg2 Kd7 43. Kf3 Rg8 44. Ke3 Ke7 45. Bd1 Kf6 46. Bf3 Kg5 47. Be2 Rb8 48. Bf1 b4 49. Kd2 b3 50. Kc1 Rc8 0-1

[Event "Havana op"]
[Site "Havana"]
[Date "1993.??.??"]
[Round "?"]
[White "Estrada Nieto, Julian"]
[Black "Hernandez, Alberto"]
[Result "1/2-1/2"]
[WhiteElo "2210"]
[BlackElo "2330"]
[PlyCount "36"]
[EventDate "1993.??.??"]
[EventType "swiss"]
[EventRounds "9"]
[EventCountry "CUB"]
[SourceTitle "EXT 1998"]
[Source "ChessBase"]
[SourceDate "1997.11.17"]
[SourceVersion "1"]
[SourceVersionDate "1997.11.17"]
[SourceQuality "1"]

1. e4 c5 2. Nf3 Nf6 3. e5 Nd5 4. Nc3 e6 5. Nxd5 exd5 6. d4 d6 7. exd6 Bxd6 8. Bb5+ Nc6 9. Qe2+ Be6 10. Ng5 Qf6 11. Nxe6 Qxe6 12. dxc5 Bxc5 13. 0-0 0-0 14. c3 Qxe2 15. Bxe2 Rfe8 16. Bf3 Rad8 17. Bf4 d4 18. b4 Bd6 1/2-1/2

[Event "CUB-ch"]
[Site "Colon"]
[Date "1993.??.??"]
[Round "4"]
[White "Hernandez, Alberto"]
[Black "Pelaez Contti, Jorge Luis"]
[Result "1-0"]
[WhiteElo "2330"]
[BlackElo "2240"]
[PlyCount "31"]
[EventDate "1993.10.??"]
[EventType "swiss"]
[EventRounds "11"]
[EventCountry "CUB"]
[SourceTitle "TD"]
[Source "ChessBase"]
[SourceDate "1994.03.01"]
[SourceVersion "1"]
[SourceVersionDate "1994.03.01"]
[SourceQuality "1"]

1. d4 Nf6 2. c4 g6 3. Nc3 Bg7 4. e4 d6 5. f4 0-0 6. Bd3 e5 7. fxe5 dxe5 8. d5 b5 9. cxb5 a6 10. Nf3 axb5 11. Bxb5 Qd6 12. a4 Nxe4 13. Nxe4 Qb4+ 14. Nfd2 f5 15. Nc3 e4 16. 0-0 1-0